[Event "2012"]
[Site "Pyhajarve"]
[Date "2012.11.25"]
[Round "13.6"]
[White "VOROBJOV, Pavel"]
[Black "TUULIK, Ylo"]
[Result "1-0"]
[LiveChessVersion "1.3.1"]
[BlackElo "1923"]
[WhiteElo "2206"]

1. e4 {[%clk 0:03:59]} Nc6 {[%clk 0:16:00]} 2. d4 {[%clk 0:03:57]} e5
{[%clk 0:15:59]} 3. d5 Nce7 4. Nf3 d6 5. Be2 Ng6 6. c4 {[%clk 0:03:48]} Be7
{[%clk 0:15:57]} 7. Nc3 {[%clk 0:03:46]} a6 {[%clk 0:15:56]} 8. g3
{[%clk 0:03:42]} Nf6 {[%clk 0:15:55]} 9. h4 {[%clk 0:03:39]} h5 {[%clk 0:15:44]}
10. Qc2 {[%clk 0:03:28]} Bd7 {[%clk 0:15:43]} 11. Bg5 {[%clk 0:03:22]} Nh7
{[%clk 0:15:38]} 12. Be3 {[%clk 0:03:20]} Nf6 {[%clk 0:15:36]} 13. Nd2
{[%clk 0:03:12]} Bg4 {[%clk 0:15:24]} 14. f3 {[%clk 0:03:11]} Bd7
{[%clk 0:15:22]} 15. O-O-O {[%clk 0:03:07]} b5 {[%clk 0:15:21]} 16. Kb1
{[%clk 0:02:58]} O-O {[%clk 0:15:06]} 17. g4 {[%clk 0:02:51]} c5 {[%clk 0:14:55]}
18. dxc6 {[%clk 0:02:44]} Bxc6 {[%clk 0:14:54]} 19. Nd5 {[%clk 0:02:36]} bxc4
{[%clk 0:14:30]} 20. Nxf6+ {[%clk 0:02:31]} Bxf6 {[%clk 0:14:29]} 21. gxh5
{[%clk 0:02:28]} Nf4 {[%clk 0:14:22]} 22. Bxc4 {[%clk 0:02:24]} Bb5
{[%clk 0:14:08]} 23. h6 {[%clk 0:02:17]} Bxc4 {[%clk 0:14:02]} 24. Nxc4
{[%clk 0:02:14]} d5 {[%clk 0:13:52]} 25. hxg7 {[%clk 0:02:08]} Re8
{[%clk 0:13:48]} 26. Bxf4 {[%clk 0:02:02]} Rb8 {[%clk 0:13:38]} 27. Rxd5
{[%clk 0:01:56]} Qe7 {[%clk 0:13:27]} 28. Bg5 {[%clk 0:01:50]} a5 29. Rxe5
{[%clk 0:01:42]} Qd8 {[%clk 0:13:02]} 30. Rxe8+ {[%clk 0:01:40]} Qxe8
{[%clk 0:12:59]} 31. Bxf6 {[%clk 0:01:38]} a4 {[%clk 0:12:58]} 32. h5
{[%clk 0:01:31]} a3 {[%clk 0:12:56]} 33. h6 Kxg7 34. hxg7 1-0

[Event "2012"]
[Site "Pyhajarve"]
[Date "2012.11.25"]
[Round "14.1"]
[White "SHORT, Nigel"]
[Black "NYBACK, Tomi"]
[Result "0-1"]
[LiveChessVersion "1.3.1"]
[BlackElo "2631"]
[WhiteElo "2702"]

1. e4 {[%clk 0:09:57]} e5 {[%clk 0:09:59]} 2. Nf3 {[%clk 0:09:56]} Nc6
{[%clk 0:09:58]} 3. Bc4 {[%clk 0:09:55]} Bc5 {[%clk 0:09:56]} 4. b4
{[%clk 0:09:53]} Bxb4 {[%clk 0:09:54]} 5. c3 {[%clk 0:09:52]} Be7
{[%clk 0:09:34]} 6. d4 {[%clk 0:09:46]} Na5 {[%clk 0:09:14]} 7. Bd3
{[%clk 0:09:44]} exd4 {[%clk 0:08:19]} 8. cxd4 {[%clk 0:09:42]} d5
{[%clk 0:08:15]} 9. exd5 {[%clk 0:09:40]} Qxd5 {[%clk 0:07:33]} 10. Nc3
{[%clk 0:09:37]} Bb4 {[%clk 0:06:56]} 11. Qc2 {[%clk 0:09:35]} Nf6
{[%clk 0:06:24]} 12. Ba3 {[%clk 0:09:12]} Qd6 {[%clk 0:05:03]} 13. Bxb4
{[%clk 0:09:09]} Qxb4 {[%clk 0:05:01]} 14. O-O {[%clk 0:09:07]} O-O
{[%clk 0:04:55]} 15. Ne4 {[%clk 0:08:51]} Nd5 {[%clk 0:04:39]} 16. Rab1
{[%clk 0:07:19]} Qe7 {[%clk 0:04:37]} 17. Ng3 {[%clk 0:06:43]} g6
{[%clk 0:04:28]} 18. Rfe1 {[%clk 0:06:42]} Qd8 {[%clk 0:04:26]} 19. Ne5
{[%clk 0:06:31]} c6 {[%clk 0:04:15]} 20. Qd2 {[%clk 0:06:22]} Be6
{[%clk 0:03:49]} 21. Rbc1 {[%clk 0:05:34]} Rc8 {[%clk 0:03:42]} 22. h4
{[%clk 0:05:00]} b6 {[%clk 0:02:59]} 23. h5 {[%clk 0:04:58]} Qf6 {[%clk 0:02:51]}
24. Re4 {[%clk 0:04:57]} Rfe8 {[%clk 0:02:27]} 25. hxg6 {[%clk 0:04:53]} hxg6
{[%clk 0:02:24]} 26. Qh6 {[%clk 0:04:50]} Qg7 {[%clk 0:02:19]} 27. Qh2
{[%clk 0:04:43]} Nf6 {[%clk 0:01:59]} 28. Rh4 {[%clk 0:04:42]} Bd5
{[%clk 0:01:57]} 29. f3 {[%clk 0:04:31]} c5 {[%clk 0:01:55]} 30. Kf2
{[%clk 0:04:25]} cxd4 {[%clk 0:01:39]} 31. Rh1 {[%clk 0:04:24]} Kf8
{[%clk 0:01:38]} 32. Ne2 {[%clk 0:04:19]} Nh5 {[%clk 0:01:23]} 33. f4
{[%clk 0:04:12]} Nc6 {[%clk 0:01:17]} 34. Nxc6 {[%clk 0:03:38]} Bxc6
{[%clk 0:01:15]} 35. g4 {[%clk 0:03:36]} Bxh1 {[%clk 0:01:10]} 36. gxh5
{[%clk 0:03:35]} Be4 {[%clk 0:01:07]} 37. hxg6 {[%clk 0:03:33]} Bxd3
{[%clk 0:01:00]} 38. Rh8+ {[%clk 0:03:19]} Ke7 {[%clk 0:00:58]} 39. Rxe8+
{[%clk 0:03:18]} Rxe8 {[%clk 0:00:57]} 40. gxf7 {[%clk 0:03:16]} Qxf7
{[%clk 0:00:54]} 41. Nxd4 {[%clk 0:03:15]} Qd5 {[%clk 0:00:52]} 42. Qh4+
{[%clk 0:03:11]} Kd7 {[%clk 0:00:51]} 43. Qf6 {[%clk 0:03:10]} Qe4
{[%clk 0:00:48]} 44. Qg7+ {[%clk 0:02:58]} Re7 {[%clk 0:00:46]} 45. Qg4+
{[%clk 0:02:57]} Kc7 {[%clk 0:00:44]} 46. Nf3 {[%clk 0:02:56]} Qe3+
{[%clk 0:00:43]} 47. Kg3 {[%clk 0:02:55]} Be4 {[%clk 0:00:42]} 48. f5
{[%clk 0:02:54]} Bxf3 {[%clk 0:00:40]} 49. Qf4+ {[%clk 0:02:53]} Qxf4+
{[%clk 0:00:39]} 50. Kxf4 {[%clk 0:02:53]} Bd5 {[%clk 0:00:37]} 51. f6
{[%clk 0:02:51]} Rf7 {[%clk 0:00:36]} 52. Ke5 {[%clk 0:02:51]} Bxa2
{[%clk 0:00:35]} 53. Kf5 {[%clk 0:02:50]} a5 {[%clk 0:00:35]} 54. Kg6 a4 0-1

[Event "2012"]
[Site "Pyhajarve"]
[Date "2012.11.25"]
[Round "14.2"]
[White "SIEMER, Tambet"]
[Black "MIEZIS, Normunds"]
[Result "1/2-1/2"]
[LiveChessVersion "1.3.1"]
[BlackElo "2512"]
[WhiteElo "2046"]

1. d4 {[%clk 0:13:58]} Nf6 {[%clk 0:05:58]} 2. c4 {[%clk 0:13:56]} c5
{[%clk 0:05:56]} 3. e3 {[%clk 0:13:55]} cxd4 4. exd4 e6 {[%clk 0:05:47]} 5. Nf3
{[%clk 0:13:31]} Bb4+ {[%clk 0:05:41]} 6. Bd2 {[%clk 0:13:24]} Bxd2+
{[%clk 0:05:35]} 7. Nbxd2 {[%clk 0:13:04]} O-O {[%clk 0:05:25]} 8. Be2
{[%clk 0:12:24]} d5 {[%clk 0:05:21]} 9. b3 {[%clk 0:11:55]} Nc6 {[%clk 0:05:17]}
10. O-O {[%clk 0:11:03]} b6 {[%clk 0:05:07]} 11. Rc1 {[%clk 0:11:00]} dxc4
{[%clk 0:04:53]} 12. Nxc4 {[%clk 0:10:56]} Bb7 {[%clk 0:04:50]} 13. Nce5
{[%clk 0:10:45]} Ne7 {[%clk 0:04:08]} 14. Bd3 {[%clk 0:09:59]} g6
{[%clk 0:03:48]} 15. Qd2 {[%clk 0:09:36]} Kg7 {[%clk 0:03:45]} 16. Rfd1
{[%clk 0:07:39]} Rc8 {[%clk 0:03:42]} 17. Rxc8 {[%clk 0:07:33]} Nxc8
{[%clk 0:03:39]} 18. Bc4 {[%clk 0:07:23]} Ne7 {[%clk 0:03:35]} 19. Ng5
{[%clk 0:06:16]} Qd6 {[%clk 0:03:33]} 20. Re1 {[%clk 0:03:07]} Bd5
{[%clk 0:03:26]} 21. Qf4 {[%clk 0:03:00]} Bxc4 {[%clk 0:03:11]} 22. bxc4
{[%clk 0:02:58]} Nf5 {[%clk 0:03:08]} 23. Rd1 {[%clk 0:01:51]} Nh5
{[%clk 0:02:50]} 24. Qe4 {[%clk 0:01:42]} Nf6 {[%clk 0:02:39]} 25. Qf4
{[%clk 0:01:42]} h6 {[%clk 0:02:32]} 26. Ngf3 {[%clk 0:01:28]} Rd8
{[%clk 0:02:20]} 27. g4 {[%clk 0:01:18]} Ne7 {[%clk 0:02:17]} 28. g5
{[%clk 0:01:15]} hxg5 {[%clk 0:02:13]} 29. Nxg5 {[%clk 0:01:13]} Rf8
{[%clk 0:02:12]} 30. Nxg6 {[%clk 0:01:02]} Qxf4 {[%clk 0:02:08]} 31. Nxf4
{[%clk 0:01:01]} Rc8 {[%clk 0:02:06]} 32. Rc1 {[%clk 0:00:53]} Nf5
{[%clk 0:02:03]} 33. Nf3 {[%clk 0:00:48]} Ne4 {[%clk 0:01:52]} 34. Kf1
{[%clk 0:00:43]} Nfd6 {[%clk 0:01:44]} 35. Ne5 {[%clk 0:00:38]} Nxc4
{[%clk 0:01:36]} 36. Nxc4 {[%clk 0:00:33]} Rxc4 37. Rxc4 Nd2+ 38. Ke2 Nxc4
{[%clk 0:01:28]} 39. Kd3 {[%clk 0:00:32]} Nd6 {[%clk 0:01:24]} 40. d5
{[%clk 0:00:31]} e5 {[%clk 0:01:23]} 41. Ne2 {[%clk 0:00:29]} f5 {[%clk 0:01:21]}
42. f4 {[%clk 0:00:26]} Kf6 {[%clk 0:01:20]} 43. h4 {[%clk 0:00:23]} Nf7
{[%clk 0:01:12]} 44. h5 {[%clk 0:00:22]} b5 {[%clk 0:01:10]} 45. Kc3
{[%clk 0:00:15]} a5 {[%clk 0:01:07]} 46. a3 {[%clk 0:00:14]} exf4
{[%clk 0:01:01]} 47. Nxf4 {[%clk 0:00:13]} Ke5 {[%clk 0:00:59]} 48. Ng6+
{[%clk 0:00:08]} Kxd5 49. Kd3 b4 {[%clk 0:00:56]} 50. axb4 {[%clk 0:00:07]} axb4
{[%clk 0:00:54]} 51. Nf4+ Ke5 {[%clk 0:00:47]} 52. Ng6+ {[%clk 0:00:06]} Kd5 53.
Nf4+ Kc5 54. Ne6+ Kd5 {[%clk 0:00:30]} 55. Nf4+ {[%clk 0:00:06]} Kc5 56. Ne6+ Kd6
57. Nf4 Ne5+ {[%clk 0:00:16]} 58. Kd4 {[%clk 0:00:04]} Nc6+ {[%clk 0:00:11]} 59.
Kc4 {[%clk 0:00:04]} Ke5 {[%clk 0:00:10]} 60. Nd3+ {[%clk 0:00:03]} Kf6
{[%clk 0:00:09]} 61. h6 Kg6 62. Kc5 Kxh6 63. Kxc6 Kg5 64. Nxb4 f4
{[%clk 0:00:01]} 65. Nd3 {[%clk 0:00:01]} 1/2-1/2

[Event "2012"]
[Site "Pyhajarve"]
[Date "2012.11.25"]
[Round "14.4"]
[White "PUUSEPP, Kaimar"]
[Black "SMITH, Axel"]
[Result "0-1"]
[LiveChessVersion "1.3.1"]
[BlackElo "2490"]
[WhiteElo "2273"]

1. Nf3 {[%clk 0:11:58]} g6 {[%clk 0:08:00]} 2. c4 {[%clk 0:11:55]} Bg7
{[%clk 0:07:58]} 3. Nc3 {[%clk 0:11:54]} c5 {[%clk 0:07:53]} 4. d4
{[%clk 0:11:49]} cxd4 {[%clk 0:07:51]} 5. Nxd4 {[%clk 0:11:48]} Nc6
{[%clk 0:07:51]} 6. e3 {[%clk 0:11:38]} Nf6 {[%clk 0:07:33]} 7. Be2
{[%clk 0:11:37]} O-O {[%clk 0:07:28]} 8. O-O {[%clk 0:11:35]} Nxd4
{[%clk 0:07:20]} 9. Qxd4 {[%clk 0:11:25]} d6 {[%clk 0:07:16]} 10. e4
{[%clk 0:11:06]} Be6 {[%clk 0:07:10]} 11. Qd3 {[%clk 0:10:33]} Rc8
{[%clk 0:06:57]} 12. Nd5 {[%clk 0:10:18]} Bxd5 {[%clk 0:06:50]} 13. cxd5
{[%clk 0:10:04]} Nd7 {[%clk 0:06:46]} 14. Qa3 {[%clk 0:09:46]} Qb6
{[%clk 0:06:12]} 15. Rb1 {[%clk 0:09:01]} Rc2 {[%clk 0:05:37]} 16. Qa4
{[%clk 0:08:13]} Rxe2 {[%clk 0:04:54]} 17. Qxd7 {[%clk 0:08:12]} Rxe4
{[%clk 0:04:42]} 18. Be3 {[%clk 0:07:58]} Rd8 {[%clk 0:04:20]} 19. Bxb6
{[%clk 0:07:12]} Rxd7 {[%clk 0:04:19]} 20. Bxa7 {[%clk 0:07:11]} Ra4
{[%clk 0:04:18]} 21. Be3 {[%clk 0:07:01]} Rxa2 {[%clk 0:04:16]} 22. Rbc1
{[%clk 0:06:54]} f5 {[%clk 0:03:59]} 23. b4 {[%clk 0:06:38]} Rb2 {[%clk 0:03:57]}
24. Rc4 {[%clk 0:06:22]} b5 {[%clk 0:03:50]} 25. Rc8+ {[%clk 0:06:01]} Kf7
{[%clk 0:03:49]} 26. Rfc1 {[%clk 0:05:27]} Rxb4 {[%clk 0:03:48]} 27. Rb8
{[%clk 0:05:22]} Rb3 {[%clk 0:03:40]} 28. g3 {[%clk 0:05:07]} b4 {[%clk 0:03:38]}
29. Rc4 {[%clk 0:04:54]} Rd3 {[%clk 0:03:28]} 30. Rbxb4 {[%clk 0:04:37]} Rxd5
{[%clk 0:03:27]} 31. h4 {[%clk 0:04:32]} h5 {[%clk 0:03:24]} 32. Kg2
{[%clk 0:04:29]} Rd3 {[%clk 0:03:23]} 33. Rc6 {[%clk 0:04:20]} Rc3
{[%clk 0:03:20]} 34. Ra6 {[%clk 0:04:15]} Rdc7 {[%clk 0:03:15]} 35. Rb8
{[%clk 0:04:06]} Rc8 {[%clk 0:03:11]} 36. Rb7 {[%clk 0:04:04]} R3c7
{[%clk 0:03:10]} 37. Rbb6 {[%clk 0:04:01]} Be5 {[%clk 0:03:05]} 38. Rb5
{[%clk 0:03:54]} Ke6 {[%clk 0:03:03]} 39. Bg5 {[%clk 0:03:40]} Bf6
{[%clk 0:02:59]} 40. Bf4 {[%clk 0:03:33]} Rc6 {[%clk 0:02:58]} 41. Ra7
{[%clk 0:03:26]} d5 {[%clk 0:02:56]} 42. Rb1 {[%clk 0:03:03]} d4 {[%clk 0:02:52]}
43. Re1+ {[%clk 0:03:01]} Kf7 {[%clk 0:02:45]} 44. Bg5 {[%clk 0:02:46]} R8c7
{[%clk 0:02:27]} 45. Ra4 {[%clk 0:02:43]} Bxg5 {[%clk 0:02:19]} 46. hxg5
{[%clk 0:02:42]} Rd7 {[%clk 0:02:17]} 47. f4 {[%clk 0:02:32]} d3 {[%clk 0:02:15]}
48. Rd1 {[%clk 0:02:28]} d2 {[%clk 0:02:12]} 49. Kf2 {[%clk 0:02:19]} Rc1
{[%clk 0:02:09]} 50. Ke2 {[%clk 0:02:05]} Rxd1 {[%clk 0:02:08]} 51. Kxd1
{[%clk 0:02:04]} Rd3 {[%clk 0:02:08]} 0-1

[Event "2012"]
[Site "Pyhajarve"]
[Date "2012.11.25"]
[Round "14.5"]
[White "REBANE, Raul"]
[Black "VOROBJOV, Pavel"]
[Result "0-1"]
[LiveChessVersion "1.3.1"]
[BlackElo "2206"]
[WhiteElo "2147"]

1. d4 {[%clk 0:13:59]} Nf6 {[%clk 0:05:59]} 2. Nf3 {[%clk 0:13:59]} g6
{[%clk 0:05:57]} 3. Bf4 {[%clk 0:13:58]} Bg7 {[%clk 0:05:55]} 4. c3
{[%clk 0:13:58]} O-O {[%clk 0:05:52]} 5. h3 {[%clk 0:13:56]} d6 {[%clk 0:05:51]}
6. e3 {[%clk 0:13:56]} Nbd7 {[%clk 0:05:44]} 7. Be2 {[%clk 0:13:55]} b6
{[%clk 0:05:41]} 8. O-O {[%clk 0:13:53]} Bb7 9. a4 a5 {[%clk 0:05:32]} 10. Na3
{[%clk 0:13:52]} Ne4 {[%clk 0:05:26]} 11. Bh2 {[%clk 0:13:47]} Ndf6
{[%clk 0:05:16]} 12. Qb3 {[%clk 0:13:40]} Re8 {[%clk 0:04:58]} 13. Rad1
{[%clk 0:13:36]} e6 {[%clk 0:04:54]} 14. Rc1 {[%clk 0:12:49]} h6 {[%clk 0:04:53]}
15. Rfd1 {[%clk 0:12:48]} Qe7 {[%clk 0:04:47]} 16. Nb5 {[%clk 0:12:21]} Rab8
{[%clk 0:04:40]} 17. c4 {[%clk 0:12:03]} Red8 {[%clk 0:04:24]} 18. Qc2
{[%clk 0:11:28]} Ne8 {[%clk 0:04:10]} 19. Nd2 {[%clk 0:11:00]} Nxd2
{[%clk 0:04:08]} 20. Rxd2 Qg5 21. e4 {[%clk 0:10:04]} Bxe4 {[%clk 0:04:07]} 22.
Qxe4 {[%clk 0:09:41]} Qxd2 {[%clk 0:04:06]} 23. Rd1 {[%clk 0:09:39]} Qxb2
{[%clk 0:03:59]} 24. h4 c6 {[%clk 0:03:51]} 25. Na7 {[%clk 0:09:05]} Nf6
{[%clk 0:03:40]} 26. Qf3 {[%clk 0:08:56]} Re8 {[%clk 0:03:05]} 27. Bxd6
{[%clk 0:08:34]} Rbd8 {[%clk 0:03:05]} 28. Be5 {[%clk 0:08:31]} Nh5
{[%clk 0:02:35]} 29. Nxc6 {[%clk 0:08:18]} Rd7 {[%clk 0:02:26]} 30. g4
{[%clk 0:06:57]} Nf6 {[%clk 0:02:25]} 31. Bd3 {[%clk 0:05:54]} Nh7
{[%clk 0:02:17]} 32. h5 {[%clk 0:05:17]} Ng5 {[%clk 0:02:12]} 33. Qe3
{[%clk 0:04:46]} Qb3 {[%clk 0:02:00]} 34. Bxg7 {[%clk 0:04:13]} Qxd1+
{[%clk 0:01:58]} 35. Kh2 {[%clk 0:04:10]} Kxg7 {[%clk 0:01:45]} 36. f4
{[%clk 0:03:41]} Nf3+ {[%clk 0:01:39]} 37. Kg3 {[%clk 0:03:31]} Ne1
{[%clk 0:01:25]} 38. Be4 {[%clk 0:03:13]} Nc2 {[%clk 0:01:18]} 39. Bxc2
{[%clk 0:02:49]} Qxc2 {[%clk 0:01:17]} 40. Ne5 {[%clk 0:02:49]} Rc7
{[%clk 0:01:07]} 41. hxg6 {[%clk 0:02:45]} fxg6 {[%clk 0:01:06]} 0-1

[Event "2012"]
[Site "Pyhajarve"]
[Date "2012.11.25"]
[Round "14.6"]
[White "SCHULS, Olev"]
[Black "LAPIDUS, Mark"]
[Result "1-0"]
[LiveChessVersion "1.3.1"]
[BlackElo "2298"]
[WhiteElo "2224"]

1. e4 {[%clk 0:11:58]} e6 {[%clk 0:07:55]} 2. Nf3 {[%clk 0:11:44]} d5
{[%clk 0:07:53]} 3. e5 {[%clk 0:11:43]} c5 {[%clk 0:07:51]} 4. b4
{[%clk 0:11:42]} cxb4 {[%clk 0:07:47]} 5. a3 {[%clk 0:11:41]} bxa3
{[%clk 0:07:42]} 6. d4 {[%clk 0:11:40]} Nc6 {[%clk 0:07:39]} 7. c3
{[%clk 0:11:35]} a6 {[%clk 0:07:36]} 8. Bd3 {[%clk 0:11:33]} Nge7
{[%clk 0:06:52]} 9. h4 {[%clk 0:11:31]} h5 {[%clk 0:06:22]} 10. Nxa3
{[%clk 0:11:13]} Nf5 {[%clk 0:06:16]} 11. Bg5 {[%clk 0:11:09]} Be7
{[%clk 0:06:09]} 12. Bxf5 {[%clk 0:10:58]} exf5 {[%clk 0:06:08]} 13. Nb5
{[%clk 0:10:54]} O-O {[%clk 0:06:04]} 14. Bxe7 {[%clk 0:09:04]} Qxe7
{[%clk 0:06:02]} 15. Ng5 {[%clk 0:09:01]} g6 {[%clk 0:05:49]} 16. f4
{[%clk 0:08:55]} f6 {[%clk 0:05:43]} 17. Nf3 {[%clk 0:08:52]} fxe5
{[%clk 0:05:34]} 18. dxe5 {[%clk 0:07:30]} Qc5 {[%clk 0:05:32]} 19. Qd3
{[%clk 0:07:30]} Rb8 {[%clk 0:04:52]} 20. Nbd4 {[%clk 0:07:04]} Nxd4
{[%clk 0:04:28]} 21. Nxd4 {[%clk 0:06:49]} b5 {[%clk 0:04:22]} 22. O-O
{[%clk 0:05:46]} b4 {[%clk 0:04:21]} 23. cxb4 {[%clk 0:05:46]} Rxb4
{[%clk 0:04:19]} 24. Rfd1 {[%clk 0:05:45]} Bd7 {[%clk 0:04:02]} 25. Kh2
{[%clk 0:05:42]} Bb5 {[%clk 0:03:31]} 26. Qd2 {[%clk 0:03:30]} Rc8
{[%clk 0:03:17]} 27. Ne6 {[%clk 0:03:16]} Qe7 {[%clk 0:03:00]} 28. Qxd5
{[%clk 0:03:12]} Bc4 29. Qd6 Qxd6 {[%clk 0:02:53]} 30. Rxd6 {[%clk 0:03:10]} Bxe6
{[%clk 0:02:50]} 31. Rxe6 {[%clk 0:03:10]} Rxf4 {[%clk 0:02:49]} 32. Rxg6+
{[%clk 0:03:02]} Kh7 {[%clk 0:02:42]} 33. Raxa6 {[%clk 0:03:00]} Rxh4+
{[%clk 0:02:41]} 34. Kg3 {[%clk 0:02:50]} Rcc4 {[%clk 0:02:01]} 35. Rh6+ Kg7 36.
Rag6+ {[%clk 0:02:41]} Kf8 {[%clk 0:01:59]} 37. Rf6+ {[%clk 0:02:37]} Kg7
{[%clk 0:01:58]} 38. Rhg6+ Kh7 39. Rg5 {[%clk 0:02:14]} Rcg4+ {[%clk 0:01:54]}
40. Rxg4 {[%clk 0:02:13]} Rxg4+ {[%clk 0:01:53]} 41. Kf3 {[%clk 0:02:05]} Rg7
{[%clk 0:01:12]} 42. Rxf5 {[%clk 0:02:03]} Kg6 {[%clk 0:01:11]} 43. Kf4
{[%clk 0:01:51]} h4 {[%clk 0:01:07]} 44. Rg5+ {[%clk 0:01:44]} Kf7
{[%clk 0:01:03]} 45. Rxg7+ {[%clk 0:01:40]} Kxg7 {[%clk 0:01:03]} 46. Kg4
{[%clk 0:01:39]} Kg6 {[%clk 0:01:02]} 47. Kxh4 {[%clk 0:01:37]} Kf5
{[%clk 0:01:01]} 48. Kh5 {[%clk 0:01:35]} Kxe5 {[%clk 0:01:00]} 49. g4
{[%clk 0:01:28]} Kf6 {[%clk 0:00:49]} 50. Kh6 {[%clk 0:01:26]} Kf7
{[%clk 0:00:48]} 51. g5 {[%clk 0:01:24]} Kg8 {[%clk 0:00:48]} 52. Kg6
{[%clk 0:01:23]} Kh8 {[%clk 0:00:46]} 53. Kf7 {[%clk 0:01:22]} 1-0

[Event "2012"]
[Site "Pyhajarve"]
[Date "2012.11.25"]
[Round "15.1"]
[White "LAINE, Panu"]
[Black "SHORT, Nigel"]
[Result "0-1"]
[LiveChessVersion "1.3.1"]
[BlackElo "2702"]
[WhiteElo "2207"]

1. e4 {[%clk 0:15:59]} e6 {[%clk 0:03:59]} 2. d4 d5 3. e5 {[%clk 0:15:58]} c5
{[%clk 0:03:57]} 4. c3 {[%clk 0:15:57]} Nc6 {[%clk 0:03:55]} 5. Nf3
{[%clk 0:15:56]} Bd7 {[%clk 0:03:55]} 6. Be2 {[%clk 0:15:47]} Nh6
{[%clk 0:03:47]} 7. Bxh6 {[%clk 0:15:17]} gxh6 {[%clk 0:03:46]} 8. O-O
{[%clk 0:15:15]} Qb6 {[%clk 0:03:30]} 9. b3 {[%clk 0:14:51]} Bg7 {[%clk 0:03:28]}
10. Re1 {[%clk 0:14:45]} O-O {[%clk 0:03:25]} 11. Qd3 {[%clk 0:14:17]} f6
{[%clk 0:03:18]} 12. Bd1 {[%clk 0:12:51]} fxe5 {[%clk 0:03:15]} 13. dxe5
{[%clk 0:12:34]} Be8 {[%clk 0:03:14]} 14. Nbd2 {[%clk 0:12:12]} Bg6
{[%clk 0:03:12]} 15. Qe3 {[%clk 0:12:02]} d4 {[%clk 0:02:26]} 16. cxd4
{[%clk 0:11:49]} cxd4 {[%clk 0:02:25]} 17. Qe2 {[%clk 0:11:44]} d3
{[%clk 0:02:24]} 18. Qe3 {[%clk 0:11:40]} Qxe3 {[%clk 0:02:22]} 19. Rxe3
{[%clk 0:11:36]} Nb4 {[%clk 0:02:20]} 20. Nd4 {[%clk 0:11:19]} Rfe8
{[%clk 0:02:05]} 21. Nc4 {[%clk 0:10:59]} Rad8 {[%clk 0:02:04]} 22. Nb5
{[%clk 0:09:53]} Nc2 {[%clk 0:02:02]} 23. Rc1 {[%clk 0:09:39]} Nxe3
{[%clk 0:01:58]} 24. fxe3 {[%clk 0:09:38]} d2 {[%clk 0:01:51]} 25. Rc3
{[%clk 0:09:29]} a6 {[%clk 0:01:48]} 26. Nbd6 {[%clk 0:09:21]} Bxe5
{[%clk 0:01:43]} 27. Nxe5 {[%clk 0:08:28]} Rxd6 {[%clk 0:01:43]} 28. Nxg6
{[%clk 0:08:15]} hxg6 {[%clk 0:01:41]} 29. Kf2 {[%clk 0:08:12]} Red8
{[%clk 0:01:37]} 30. Rc7 {[%clk 0:08:08]} R8d7 {[%clk 0:01:29]} 31. Rc8+
{[%clk 0:08:07]} Kg7 {[%clk 0:01:28]} 32. Ke2 {[%clk 0:08:06]} Rc6
{[%clk 0:01:27]} 33. Rb8 {[%clk 0:07:53]} Rc1 {[%clk 0:01:25]} 34. h3
{[%clk 0:07:44]} Kf6 {[%clk 0:01:25]} 35. Rh8 {[%clk 0:07:33]} h5
{[%clk 0:01:23]} 36. Rf8+ {[%clk 0:07:19]} Ke5 {[%clk 0:01:21]} 37. Rf4
{[%clk 0:07:17]} b5 {[%clk 0:01:20]} 38. Rb4 {[%clk 0:07:12]} Ra1
{[%clk 0:01:17]} 39. a4 {[%clk 0:07:09]} Rd5 {[%clk 0:01:15]} 40. Rh4
{[%clk 0:06:53]} Ra2 {[%clk 0:01:12]} 41. g4 {[%clk 0:06:46]} bxa4
{[%clk 0:01:08]} 42. bxa4 {[%clk 0:06:44]} Kf6 {[%clk 0:01:06]} 43. gxh5
{[%clk 0:06:40]} Rxh5 {[%clk 0:01:06]} 44. Rf4+ {[%clk 0:06:39]} Ke5
{[%clk 0:01:05]} 45. h4 {[%clk 0:06:36]} g5 {[%clk 0:01:04]} 46. hxg5 Rxg5 47.
Bb3 {[%clk 0:05:52]} Rg1 {[%clk 0:01:00]} 48. Rd4 {[%clk 0:05:46]} d1=Q#
{[%clk 0:00:56]} 0-1

[Event "2012"]
[Site "Pyhajarve"]
[Date "2012.11.25"]
[Round "15.4"]
[White "LIIVA, Riho"]
[Black "PUUSEPP, Kaimar"]
[Result "1/2-1/2"]
[LiveChessVersion "1.3.1"]
[BlackElo "2273"]
[WhiteElo "2451"]

1. e4 {[%clk 0:05:59]} g6 {[%clk 0:13:57]} 2. d4 {[%clk 0:05:57]} Bg7
{[%clk 0:13:56]} 3. Nc3 {[%clk 0:05:57]} c6 {[%clk 0:13:56]} 4. Nf3
{[%clk 0:05:47]} d6 {[%clk 0:13:55]} 5. h3 {[%clk 0:05:42]} Nf6 {[%clk 0:13:54]}
6. a4 {[%clk 0:05:39]} O-O {[%clk 0:13:52]} 7. Be2 {[%clk 0:05:38]} Qc7
{[%clk 0:13:52]} 8. O-O {[%clk 0:05:36]} e5 {[%clk 0:13:51]} 9. Re1
{[%clk 0:05:35]} Nbd7 {[%clk 0:13:50]} 10. Bf1 {[%clk 0:05:25]} Re8
{[%clk 0:13:49]} 11. g3 {[%clk 0:05:22]} b6 {[%clk 0:13:48]} 12. b3
{[%clk 0:05:17]} a6 {[%clk 0:13:34]} 13. Ba3 {[%clk 0:05:12]} exd4
{[%clk 0:12:45]} 14. Nxd4 {[%clk 0:05:10]} Nc5 {[%clk 0:12:44]} 15. Bg2
{[%clk 0:05:04]} Bb7 {[%clk 0:12:08]} 16. Qd2 {[%clk 0:04:50]} Rad8
{[%clk 0:12:02]} 17. Rad1 {[%clk 0:04:49]} a5 {[%clk 0:11:41]} 18. Bb2
{[%clk 0:03:55]} Na6 {[%clk 0:10:36]} 19. Kh1 {[%clk 0:03:41]} Nb4
{[%clk 0:10:35]} 20. Re2 {[%clk 0:03:14]} d5 {[%clk 0:10:32]} 21. exd5
{[%clk 0:03:07]} Nbxd5 {[%clk 0:10:03]} 22. Rxe8+ {[%clk 0:02:42]} Rxe8
{[%clk 0:09:50]} 23. Nxd5 {[%clk 0:02:41]} Nxd5 {[%clk 0:09:33]} 24. Bxd5
{[%clk 0:02:08]} cxd5 {[%clk 0:09:31]} 25. Kg2 {[%clk 0:01:54]} Qd7
{[%clk 0:08:35]} 26. Re1 {[%clk 0:01:40]} Rxe1 {[%clk 0:08:26]} 27. Qxe1
{[%clk 0:01:39]} Bc8 {[%clk 0:08:19]} 28. g4 {[%clk 0:01:38]} h5 29. f3 hxg4
{[%clk 0:08:01]} 30. hxg4 {[%clk 0:01:36]} Qc7 {[%clk 0:07:10]} 31. Qe2
{[%clk 0:01:18]} Qc5 {[%clk 0:06:21]} 32. Qd3 {[%clk 0:01:08]} Ba6
{[%clk 0:05:57]} 33. Qd2 {[%clk 0:01:06]} Kh7 {[%clk 0:05:13]} 34. Bc3
{[%clk 0:01:02]} Qe7 {[%clk 0:04:56]} 35. Qf4 {[%clk 0:00:49]} Be5 1/2-1/2